| 000 | 00800cam a2200289 4500 | ||
|---|---|---|---|
| 008 | 090401t1994 xxu||||| |||| 00| 0 eng d | ||
| 020 | _a0874207630 | ||
| 035 | _a(Sirsi) u7479 | ||
| 041 | _aeng | ||
| 050 | _a712 | ||
| 100 | _aBookout, Lloyd W. | ||
| 245 | _aValue by design : landscape, site planning and amenities. | ||
| 260 |
_aWashington, D.C. _bUrban Land Institute _c1994 |
||
| 300 | _avi,154p. : ill. ; 28cm. | ||
| 350 | _a29.95 | ||
| 650 | _aLANDSCAPE DESIGN | ||
| 650 | _aPROPERTY DEVELOPMENT | ||
| 650 | _aSITE PLANNING | ||
| 650 | _aUNITED STATES | ||
| 650 | _aVALUE BY DESIGN | ||
| 690 | _aPROPERTY-PROPERTY DEVELOPMENT | ||
| 700 | _aBeyard, Michael D. | ||
| 700 | _aFader, Steven W. | ||
| 710 |
_aUrban Land Institute _93094 |
||
| 942 | _n0 | ||
| 948 | _c04/03/1997 | ||
| 999 |
_c86419 _d86419 |
||